[Event "DEM U14 2025"]
[Site "Willingen GER"]
[Date "2025.06.13"]
[Round "8"]
[White "Savchuk, Alexander"]
[Black "Prashanthakumar, Arju"]
[Result "1-0"]
[Termination "normal"]
[Board "14"]
[WhiteElo "1935"]
[BlackElo "1809"]
[WhiteClock "00:13:56"]
[BlackClock "00:17:07"]
[PlyCount "61"]
[WhiteFideId "34617434"]
[BlackFideId "34604065"]
[EventCountry "GER"]
[EventRounds "9"]
[EventType "swiss"]
[EventDate "2025.06.07"]

1. e4 {[%clk 01:30:51]} {[%emt 00:00:09]} c5 {[%clk 01:30:47]} {[%emt
00:00:14]} 2. Nf3 {[%clk 01:30:51]} {[%emt 00:00:29]} Nc6 {[%clk 01:31:07]}
{[%emt 00:00:10]} 3. Nc3 {[%clk 01:30:49]} {[%emt 00:00:32]} Nf6 {[%clk
01:31:13]} {[%emt 00:00:24]} 4. Bb5 {[%clk 01:29:55]} {[%emt 00:01:24]} Qc7
{[%clk 01:30:21]} {[%emt 00:01:22]} 5. O-O {[%clk 01:29:47]} {[%emt 00:00:38]}
Nd4 {[%clk 01:30:03]} {[%emt 00:00:48]} 6. Re1 {[%clk 01:21:53]} {[%emt
00:08:23]} a6 {[%clk 01:29:52]} {[%emt 00:00:42]} 7. Bf1 {[%clk 01:22:08]}
{[%emt 00:00:15]} Ng4 {[%clk 01:29:53]} {[%emt 00:00:28]} 8. g3 {[%clk
01:11:06]} {[%emt 00:11:32]} Nxf3+ {[%clk 01:28:49]} {[%emt 00:01:34]} 9. Qxf3
{[%clk 01:11:20]} {[%emt 00:00:17]} Ne5 {[%clk 01:28:11]} {[%emt 00:01:08]} 10.
Qe2 {[%clk 01:10:05]} {[%emt 00:01:45]} e6 {[%clk 01:26:20]} {[%emt 00:02:21]}
11. d3 {[%clk 01:09:38]} {[%emt 00:00:56]} d6 {[%clk 01:23:53]} {[%emt
00:02:57]} 12. Be3 {[%clk 01:05:33]} {[%emt 00:04:35]} Be7 {[%clk 01:18:30]}
{[%emt 00:05:53]} 13. f4 {[%clk 01:04:21]} {[%emt 00:01:42]} Nc6 {[%clk
01:16:28]} {[%emt 00:02:33]} 14. Qg4 {[%clk 01:02:47]} {[%emt 00:02:03]} O-O
{[%clk 01:13:34]} {[%emt 00:03:23]} 15. Ne2 {[%clk 00:58:38]} {[%emt 00:04:40]}
b5 {[%clk 01:10:14]} {[%emt 00:03:49]} 16. Bg2 {[%clk 00:57:56]} {[%emt
00:01:11]} e5 {[%clk 01:04:02]} {[%emt 00:06:43]} 17. f5 {[%clk 00:54:02]}
{[%emt 00:04:23]} Nd4 {[%clk 01:00:36]} {[%emt 00:03:56]} 18. Bh6 {[%clk
00:44:07]} {[%emt 00:10:24]} Bf6 {[%clk 00:58:39]} {[%emt 00:02:28]} 19. Nc3
{[%clk 00:41:01]} {[%emt 00:03:36]} Bb7 {[%clk 00:33:02]} {[%emt 00:26:07]} 20.
Bxg7 {[%clk 00:39:46]} {[%emt 00:01:45]} Bxg7 {[%clk 00:33:18]} {[%emt
00:00:15]} 21. f6 {[%clk 00:39:57]} {[%emt 00:00:19]} Ne6 {[%clk 00:33:39]}
{[%emt 00:00:09]} 22. Rf1 {[%clk 00:24:22]} {[%emt 00:16:05]} Rae8 {[%clk
00:23:58]} {[%emt 00:10:12]} 23. Nd5 {[%clk 00:23:16]} {[%emt 00:01:36]} Bxd5
{[%clk 00:24:19]} {[%emt 00:00:09]} 24. exd5 {[%clk 00:23:34]} {[%emt
00:00:12]} Kh8 {[%clk 00:24:31]} {[%emt 00:00:18]} 25. dxe6 {[%clk 00:15:09]}
{[%emt 00:08:55]} Bh6 {[%clk 00:24:49]} {[%emt 00:00:12]} 26. e7 {[%clk
00:15:30]} {[%emt 00:00:10]} Rg8 {[%clk 00:24:57]} {[%emt 00:00:21]} 27. Qh5
{[%clk 00:15:10]} {[%emt 00:00:50]} Be3+ {[%clk 00:21:19]} {[%emt 00:04:09]}
28. Kh1 {[%clk 00:15:34]} {[%emt 00:00:06]} Rg6 {[%clk 00:19:49]} {[%emt
00:01:59]} 29. Be4 {[%clk 00:14:07]} {[%emt 00:01:58]} Reg8 {[%clk 00:16:45]}
{[%emt 00:03:34]} 30. Bxg6 {[%clk 00:13:48]} {[%emt 00:00:49]} fxg6 {[%clk
00:17:07]} {[%emt 00:00:08]} 31. Qf3 {[%clk 00:13:56]} 1-0

[Event "DEM U14 2025"]
[Site "Willingen GER"]
[Date "2025.06.13"]
[Round "8"]
[White "Kovalskyy, Alicia"]
[Black "Krüger, Moritz"]
[Result "1-0"]
[Termination "normal"]
[Board "15"]
[WhiteElo "1924"]
[BlackElo "1785"]
[WhiteClock "00:04:49"]
[BlackClock "00:03:17"]
[PlyCount "77"]
[WhiteFideId "34612130"]
[BlackFideId "34608923"]
[EventCountry "GER"]
[EventRounds "9"]
[EventType "swiss"]
[EventDate "2025.06.07"]

1. e4 {[%clk 01:30:59]} e6 {[%clk 01:30:29]} {[%emt 00:00:31]} 2. d4 {[%clk
01:31:26]} {[%emt 00:00:03]} d5 {[%clk 01:30:27]} {[%emt 00:00:31]} 3. Nc3
{[%clk 01:31:51]} {[%emt 00:00:05]} Nf6 {[%clk 01:30:25]} {[%emt 00:00:33]} 4.
e5 {[%clk 01:32:17]} {[%emt 00:00:05]} Nfd7 {[%clk 01:30:17]} {[%emt 00:00:37]}
5. f4 {[%clk 01:32:42]} {[%emt 00:00:06]} c5 {[%clk 01:29:57]} {[%emt
00:00:49]} 6. Nf3 {[%clk 01:33:04]} {[%emt 00:00:08]} Nc6 {[%clk 01:29:55]}
{[%emt 00:00:33]} 7. Be3 {[%clk 01:33:30]} {[%emt 00:00:04]} Be7 {[%clk
01:29:45]} {[%emt 00:00:39]} 8. Qd2 {[%clk 01:33:56]} {[%emt 00:00:05]} O-O
{[%clk 01:27:16]} {[%emt 00:02:59]} 9. dxc5 {[%clk 01:27:54]} {[%emt 00:06:33]}
Bxc5 {[%clk 01:24:02]} {[%emt 00:03:43]} 10. Bxc5 {[%clk 01:15:06]} {[%emt
00:13:18]} Nxc5 {[%clk 01:23:26]} {[%emt 00:01:06]} 11. Bd3 {[%clk 01:08:12]}
{[%emt 00:07:24]} Qb6 {[%clk 01:18:10]} {[%emt 00:05:46]} 12. O-O-O {[%clk
01:02:53]} {[%emt 00:05:49]} Rd8 {[%clk 01:12:45]} {[%emt 00:05:54]} 13. g4
{[%clk 01:01:44]} {[%emt 00:01:39]} Nb4 {[%clk 01:09:51]} {[%emt 00:03:24]} 14.
Kb1 {[%clk 00:52:57]} {[%emt 00:09:17]} Nbxd3 {[%clk 01:02:26]} {[%emt
00:07:55]} 15. cxd3 {[%clk 00:53:08]} {[%emt 00:00:19]} Bd7 {[%clk 00:59:43]}
{[%emt 00:03:13]} 16. d4 {[%clk 00:48:26]} {[%emt 00:05:12]} Ne4 {[%clk
00:57:36]} {[%emt 00:02:37]} 17. Nxe4 {[%clk 00:47:51]} {[%emt 00:01:06]} dxe4
{[%clk 00:55:51]} {[%emt 00:02:15]} 18. Ng5 {[%clk 00:47:05]} {[%emt 00:01:09]}
Bc6 {[%clk 00:52:41]} {[%emt 00:03:47]} 19. Rhe1 {[%clk 00:46:11]} {[%emt
00:01:24]} Rd7 {[%clk 00:50:39]} {[%emt 00:02:31]} 20. Nxe4 {[%clk 00:44:54]}
{[%emt 00:01:47]} Bxe4+ {[%clk 00:49:18]} {[%emt 00:01:51]} 21. Rxe4 {[%clk
00:45:17]} {[%emt 00:00:07]} Rad8 {[%clk 00:47:51]} {[%emt 00:01:58]} 22. Qe3
{[%clk 00:31:43]} {[%emt 00:14:04]} Rd5 {[%clk 00:45:37]} {[%emt 00:02:44]} 23.
f5 {[%clk 00:30:38]} {[%emt 00:01:35]} Qb4 {[%clk 00:37:58]} {[%emt 00:08:09]}
24. f6 {[%clk 00:26:08]} {[%emt 00:05:01]} g6 {[%clk 00:37:33]} {[%emt
00:00:54]} 25. a3 {[%clk 00:21:53]} {[%emt 00:04:46]} Qf8 {[%clk 00:34:56]}
{[%emt 00:03:06]} 26. g5 {[%clk 00:15:52]} {[%emt 00:06:33]} h5 {[%clk
00:31:31]} {[%emt 00:03:54]} 27. gxh6 {[%clk 00:16:18]} {[%emt 00:00:04]} Kh7
{[%clk 00:26:58]} {[%emt 00:05:03]} 28. Rg1 {[%clk 00:13:57]} {[%emt 00:02:50]}
Qe8 {[%clk 00:21:22]} {[%emt 00:06:06]} 29. h4 {[%clk 00:11:55]} {[%emt
00:02:33]} Qa4 {[%clk 00:18:48]} {[%emt 00:03:05]} 30. Rgg4 {[%clk 00:10:15]}
{[%emt 00:02:09]} Rc8 {[%clk 00:14:10]} {[%emt 00:05:07]} 31. Qd2 {[%clk
00:06:43]} {[%emt 00:04:01]} Qc4 {[%clk 00:10:38]} {[%emt 00:04:02]} 32. Rg1
{[%clk 00:04:40]} {[%emt 00:02:33]} Rd7 {[%clk 00:06:58]} {[%emt 00:04:10]} 33.
h5 {[%clk 00:04:30]} {[%emt 00:00:41]} Rg8 {[%clk 00:06:18]} {[%emt 00:01:09]}
34. hxg6+ {[%clk 00:04:50]} {[%emt 00:00:10]} Rxg6 {[%clk 00:04:58]} {[%emt
00:01:50]} 35. Rxg6 {[%clk 00:05:15]} {[%emt 00:00:06]} fxg6 {[%clk 00:04:54]}
{[%emt 00:00:33]} 36. Rg4 {[%clk 00:04:12]} {[%emt 00:01:29]} Qd5 {[%clk
00:03:47]} {[%emt 00:01:41]} 37. Qg5 {[%clk 00:04:01]} {[%emt 00:00:41]} Qh1+
{[%clk 00:03:22]} {[%emt 00:00:55]} 38. Ka2 {[%clk 00:04:26]} {[%emt 00:00:05]}
Qxh6 {[%clk 00:03:17]} {[%emt 00:00:35]} 39. Rh4 {[%clk 00:04:49]} {[%emt
00:00:08]} 1-0

[Event "DEM U14 2025"]
[Site "Willingen GER"]
[Date "2025.06.13"]
[Round "8"]
[White "Svanidze, Alexander"]
[Black "Jahn, Gustav"]
[Result "0-1"]
[Termination "normal"]
[Board "16"]
[WhiteElo "1720"]
[BlackElo "1983"]
[WhiteClock "00:11:29"]
[BlackClock "00:50:20"]
[PlyCount "74"]
[WhiteFideId "34623469"]
[BlackFideId "34666605"]
[EventCountry "GER"]
[EventRounds "9"]
[EventType "swiss"]
[EventDate "2025.06.07"]

1. e4 {[%clk 01:30:59]} {[%emt 00:00:01]} c5 {[%clk 01:30:54]} {[%emt
00:00:06]} 2. Nf3 {[%clk 01:31:24]} {[%emt 00:00:05]} d6 {[%clk 01:31:19]}
{[%emt 00:00:06]} 3. Bc4 {[%clk 01:30:42]} {[%emt 00:01:13]} g6 {[%clk
01:30:18]} {[%emt 00:01:31]} 4. O-O {[%clk 01:30:50]} {[%emt 00:00:22]} Bg7
{[%clk 01:30:38]} {[%emt 00:00:09]} 5. c3 {[%clk 01:29:39]} {[%emt 00:01:42]}
e5 {[%clk 01:26:46]} {[%emt 00:04:22]} 6. d3 {[%clk 01:28:21]} {[%emt
00:01:48]} Nc6 {[%clk 01:26:23]} {[%emt 00:00:52]} 7. Re1 {[%clk 01:27:33]}
{[%emt 00:01:17]} h6 {[%clk 01:25:37]} {[%emt 00:01:16]} 8. Nbd2 {[%clk
01:25:23]} {[%emt 00:02:41]} Nge7 {[%clk 01:23:00]} {[%emt 00:03:08]} 9. Nf1
{[%clk 01:14:34]} {[%emt 00:11:19]} O-O {[%clk 01:22:49]} {[%emt 00:00:40]} 10.
Ne3 {[%clk 01:14:49]} {[%emt 00:00:15]} Kh7 {[%clk 01:22:21]} {[%emt 00:00:57]}
11. Nd5 {[%clk 01:10:27]} {[%emt 00:04:53]} Nxd5 {[%clk 01:22:12]} {[%emt
00:00:38]} 12. Bxd5 {[%clk 01:10:36]} {[%emt 00:00:22]} Ne7 {[%clk 01:20:47]}
{[%emt 00:01:54]} 13. Bb3 {[%clk 01:09:26]} {[%emt 00:01:41]} f5 {[%clk
01:21:00]} {[%emt 00:00:16]} 14. d4 {[%clk 01:01:08]} {[%emt 00:08:48]} fxe4
{[%clk 01:19:10]} {[%emt 00:02:20]} 15. Rxe4 {[%clk 01:00:51]} {[%emt
00:00:46]} Bf5 {[%clk 01:17:27]} {[%emt 00:02:13]} 16. Rh4 {[%clk 00:54:13]}
{[%emt 00:07:08]} c4 {[%clk 01:05:24]} {[%emt 00:12:33]} 17. Bxc4 {[%clk
00:45:35]} {[%emt 00:09:07]} d5 {[%clk 01:04:01]} {[%emt 00:01:52]} 18. Be2
{[%clk 00:44:48]} {[%emt 00:01:17]} e4 {[%clk 01:03:46]} {[%emt 00:00:46]} 19.
Ne1 {[%clk 00:42:52]} {[%emt 00:02:26]} Ng8 {[%clk 01:03:00]} {[%emt 00:01:17]}
20. g3 {[%clk 00:38:45]} {[%emt 00:04:37]} Bf6 {[%clk 01:02:38]} {[%emt
00:00:52]} 21. Rf4 {[%clk 00:36:59]} {[%emt 00:02:16]} Bg5 {[%clk 01:02:47]}
{[%emt 00:00:21]} 22. Ng2 {[%emt 00:04:50]} Bxf4 {[%clk 01:02:34]} {[%emt
00:00:40]} 23. Bxf4 {[%clk 00:32:39]} {[%emt 00:00:32]} g5 {[%clk 01:01:56]}
{[%emt 00:01:09]} 24. Be3 {[%clk 00:32:56]} {[%emt 00:00:13]} Qd7 {[%clk
00:59:52]} {[%emt 00:02:34]} 25. Qd2 {[%clk 00:31:50]} {[%emt 00:01:36]} Bh3
{[%clk 00:58:09]} {[%emt 00:02:13]} 26. Rf1 {[%clk 00:21:52]} {[%emt 00:10:28]}
Nf6 {[%clk 00:56:11]} {[%emt 00:02:28]} 27. a3 {[%clk 00:20:51]} {[%emt
00:01:31]} Rf7 {[%clk 00:55:24]} {[%emt 00:01:17]} 28. Bd1 {[%clk 00:18:00]}
{[%emt 00:03:21]} Raf8 {[%clk 00:52:59]} {[%emt 00:02:54]} 29. Be2 {[%clk
00:17:07]} {[%emt 00:01:23]} Bg4 {[%clk 00:51:05]} {[%emt 00:02:24]} 30. Bxg4
{[%clk 00:16:21]} {[%emt 00:01:14]} Qxg4 {[%clk 00:51:24]} {[%emt 00:00:12]}
31. h4 {[%clk 00:14:59]} {[%emt 00:01:52]} Qh3 {[%clk 00:50:22]} {[%emt
00:01:32]} 32. Ne1 {[%clk 00:12:45]} {[%emt 00:02:44]} Ng4 {[%clk 00:50:28]}
{[%emt 00:00:24]} 33. f4 {[%clk 00:12:40]} {[%emt 00:00:35]} exf3 {[%clk
00:50:21]} {[%emt 00:00:37]} 34. Qc2+ {[%clk 00:12:11]} {[%emt 00:00:58]} Kh8
{[%clk 00:50:39]} {[%emt 00:00:12]} 35. Rf2 {[%clk 00:11:17]} {[%emt 00:01:24]}
Qxg3+ {[%clk 00:50:52]} {[%emt 00:00:18]} 36. Kh1 {[%clk 00:11:33]} {[%emt
00:00:14]} Nxe3 {[%clk 00:51:01]} {[%emt 00:00:21]} 37. Qg6 {[%clk 00:11:29]}
{[%emt 00:00:34]} Rf6 {[%clk 00:50:20]} {[%emt 00:01:11]} 0-1

[Event "DEM U14 2025"]
[Site "Willingen GER"]
[Date "2025.06.13"]
[Round "8"]
[White "Haustein, Henry"]
[Black "Wartenberg, Alexander"]
[Result "1/2-1/2"]
[Termination "normal"]
[Board "17"]
[WhiteElo "1683"]
[BlackElo "1840"]
[WhiteClock "00:32:25"]
[BlackClock "00:02:07"]
[PlyCount "81"]
[WhiteFideId "533043817"]
[BlackFideId "16280768"]
[EventCountry "GER"]
[EventRounds "9"]
[EventType "swiss"]
[EventDate "2025.06.07"]

1. e4 {[%clk 01:30:57]} {[%emt 00:00:03]} c5 {[%clk 01:30:56]} {[%emt
00:00:04]} 2. Nf3 {[%clk 01:31:23]} {[%emt 00:00:04]} e6 {[%clk 01:31:21]}
{[%emt 00:00:05]} 3. d4 {[%clk 01:31:49]} {[%emt 00:00:03]} cxd4 {[%clk
01:31:47]} {[%emt 00:00:05]} 4. Nxd4 {[%clk 01:32:15]} {[%emt 00:00:04]} Nf6
{[%clk 01:32:12]} {[%emt 00:00:05]} 5. Nc3 {[%clk 01:32:36]} {[%emt 00:00:09]}
Nc6 {[%clk 01:32:36]} {[%emt 00:00:06]} 6. Ndb5 {[%clk 01:32:59]} {[%emt
00:00:07]} Bb4 {[%clk 01:32:39]} {[%emt 00:00:28]} 7. a3 {[%clk 01:33:22]}
{[%emt 00:00:07]} Bxc3+ {[%clk 01:32:47]} {[%emt 00:00:22]} 8. Nxc3 {[%clk
01:33:45]} {[%emt 00:00:07]} d5 {[%clk 01:33:13]} {[%emt 00:00:04]} 9. exd5
{[%clk 01:34:08]} {[%emt 00:00:07]} Nxd5 {[%clk 01:33:38]} {[%emt 00:00:06]}
10. Nxd5 {[%clk 01:34:21]} {[%emt 00:00:17]} exd5 {[%clk 01:33:35]} {[%emt
00:00:33]} 11. Bd3 {[%clk 01:34:16]} {[%emt 00:00:35]} Qe7+ {[%clk 01:33:45]}
{[%emt 00:00:19]} 12. Qe2 {[%clk 01:34:13]} {[%emt 00:00:34]} Qxe2+ {[%clk
01:33:53]} {[%emt 00:00:22]} 13. Bxe2 {[%clk 01:34:32]} {[%emt 00:00:10]} Bf5
{[%clk 01:20:12]} {[%emt 00:14:11]} 14. c3 {[%clk 01:28:29]} {[%emt 00:06:33]}
Na5 {[%clk 01:14:01]} {[%emt 00:06:42]} 15. Bf4 {[%clk 01:25:32]} {[%emt
00:03:27]} Nb3 {[%clk 01:08:35]} {[%emt 00:05:56]} 16. Rd1 {[%clk 01:24:55]}
{[%emt 00:01:07]} O-O-O {[%clk 01:07:26]} {[%emt 00:01:39]} 17. O-O {[%clk
01:17:27]} {[%emt 00:07:58]} Bc2 {[%clk 01:04:56]} {[%emt 00:03:00]} 18. Rde1
{[%clk 01:10:38]} {[%emt 00:07:20]} d4 {[%clk 00:44:45]} {[%emt 00:20:41]} 19.
cxd4 {[%clk 01:02:52]} {[%emt 00:08:15]} Nxd4 {[%clk 00:41:51]} {[%emt
00:03:24]} 20. Be5 {[%clk 00:55:43]} {[%emt 00:07:38]} Rhe8 {[%clk 00:36:08]}
{[%emt 00:06:14]} 21. Bg4+ {[%clk 00:46:22]} {[%emt 00:09:50]} f5 {[%clk
00:31:37]} {[%emt 00:05:02]} 22. Bxd4 {[%clk 00:44:42]} {[%emt 00:02:10]} Rxe1
{[%clk 00:30:31]} {[%emt 00:01:36]} 23. Rxe1 {[%clk 00:44:57]} {[%emt
00:00:15]} Rxd4 {[%clk 00:30:38]} {[%emt 00:00:24]} 24. Rc1 {[%clk 00:45:09]}
{[%emt 00:00:18]} Rxg4 {[%clk 00:28:12]} {[%emt 00:02:56]} 25. Rxc2+ {[%clk
00:45:31]} {[%emt 00:00:07]} Kd7 {[%clk 00:28:36]} {[%emt 00:00:06]} 26. f3
{[%clk 00:44:54]} {[%emt 00:01:06]} Rd4 {[%clk 00:28:34]} {[%emt 00:00:33]} 27.
Kf2 {[%clk 00:45:01]} {[%emt 00:00:22]} Rd3 {[%clk 00:24:56]} {[%emt 00:04:09]}
28. Ke2 {[%clk 00:42:38]} {[%emt 00:02:54]} Rb3 {[%clk 00:24:25]} {[%emt
00:01:01]} 29. Kd2 {[%clk 00:41:52]} {[%emt 00:01:15]} Ke6 {[%clk 00:23:30]}
{[%emt 00:01:25]} 30. Kc1 {[%clk 00:41:02]} {[%emt 00:01:19]} Kf6 {[%clk
00:18:27]} {[%emt 00:05:34]} 31. Rc7 {[%clk 00:39:49]} {[%emt 00:01:43]} h6
{[%clk 00:18:01]} {[%emt 00:00:56]} 32. Kc2 {[%clk 00:39:56]} {[%emt 00:00:23]}
Rb6 {[%clk 00:18:19]} {[%emt 00:00:13]} 33. b4 {[%clk 00:38:35]} {[%emt
00:01:51]} a5 {[%clk 00:04:53]} {[%emt 00:13:56]} 34. Kb3 {[%clk 00:33:34]}
{[%emt 00:05:31]} axb4 {[%clk 00:01:45]} {[%emt 00:03:38]} 35. axb4 {[%clk
00:33:39]} {[%emt 00:00:25]} g5 {[%clk 00:01:03]} {[%emt 00:01:12]} 36. Kc4
{[%clk 00:33:20]} {[%emt 00:00:48]} Ra6 {[%clk 00:01:01]} {[%emt 00:00:32]} 37.
Rxb7 {[%clk 00:32:44]} {[%emt 00:01:06]} Ra2 {[%clk 00:01:18]} {[%emt
00:00:13]} 38. Rb6+ {[%clk 00:31:41]} {[%emt 00:01:33]} Kg7 {[%clk 00:01:35]}
{[%emt 00:00:13]} 39. Rb7+ {[%clk 00:31:54]} {[%emt 00:00:17]} Kg6 {[%clk
00:01:45]} {[%emt 00:00:20]} 40. Rb6+ {[%clk 00:32:01]} {[%emt 00:00:24]} Kg7
{[%clk 00:02:07]} {[%emt 00:00:07]} 41. Rb7+ {[%clk 00:32:25]} {[%emt
00:00:06]} 1/2-1/2

[Event "DEM U14 2025"]
[Site "Willingen GER"]
[Date "2025.06.13"]
[Round "8"]
[White "Lanert, Theodor"]
[Black "Park, Manuel"]
[Result "1/2-1/2"]
[Termination "normal"]
[Board "19"]
[WhiteElo "1793"]
[BlackElo "1828"]
[WhiteClock "00:30:40"]
[BlackClock "01:03:10"]
[PlyCount "46"]
[WhiteFideId "34605576"]
[BlackFideId "34629114"]
[EventCountry "GER"]
[EventRounds "9"]
[EventType "swiss"]
[EventDate "2025.06.07"]

1. e4 {[%clk 01:30:18]} {[%emt 00:00:41]} c5 {[%clk 01:30:47]} {[%emt
00:00:13]} 2. Nf3 {[%clk 01:29:56]} {[%emt 00:00:52]} d6 {[%clk 01:30:52]}
{[%emt 00:00:25]} 3. Bb5+ {[%clk 01:30:12]} {[%emt 00:00:13]} Bd7 {[%clk
01:31:06]} {[%emt 00:00:16]} 4. Bxd7+ {[%clk 01:30:22]} {[%emt 00:00:21]} Nxd7
{[%clk 01:31:16]} {[%emt 00:00:20]} 5. O-O {[%clk 01:28:54]} {[%emt 00:01:58]}
Ngf6 {[%clk 01:31:18]} {[%emt 00:00:28]} 6. Re1 {[%clk 01:28:17]} {[%emt
00:01:07]} e6 {[%clk 01:31:27]} {[%emt 00:00:21]} 7. c3 {[%clk 01:27:36]}
{[%emt 00:01:11]} Be7 {[%clk 01:30:52]} {[%emt 00:01:06]} 8. d4 {[%clk
01:26:50]} {[%emt 00:01:16]} cxd4 {[%clk 01:30:47]} {[%emt 00:00:35]} 9. cxd4
{[%clk 01:27:19]} {[%emt 00:00:02]} d5 {[%clk 01:30:53]} {[%emt 00:00:24]} 10.
e5 {[%clk 01:27:42]} {[%emt 00:00:07]} Ne4 {[%clk 01:31:17]} {[%emt 00:00:06]}
11. Nbd2 {[%clk 01:26:18]} {[%emt 00:01:53]} Nxd2 {[%clk 01:31:31]} {[%emt
00:00:16]} 12. Bxd2 {[%clk 01:26:34]} {[%emt 00:00:15]} Rc8 {[%clk 01:31:48]}
{[%emt 00:00:13]} 13. Rc1 {[%clk 01:18:08]} {[%emt 00:08:56]} O-O {[%clk
01:25:32]} {[%emt 00:06:45]} 14. Re3 {[%clk 01:09:41]} {[%emt 00:08:57]} Nb6
{[%clk 01:16:15]} {[%emt 00:09:47]} 15. Ba5 {[%clk 00:55:49]} {[%emt 00:14:22]}
Qd7 {[%clk 01:13:17]} {[%emt 00:03:27]} 16. Bxb6 {[%clk 00:51:50]} {[%emt
00:04:30]} axb6 {[%clk 01:13:34]} {[%emt 00:00:14]} 17. Rec3 {[%clk 00:49:06]}
{[%emt 00:03:13]} Rc6 {[%clk 01:08:28]} {[%emt 00:05:35]} 18. Qb3 {[%clk
00:42:17]} {[%emt 00:07:19]} Rfc8 {[%clk 01:05:00]} {[%emt 00:03:58]} 19. Rxc6
{[%clk 00:32:36]} {[%emt 00:10:12]} Rxc6 {[%clk 01:05:19]} {[%emt 00:00:11]}
20. Rxc6 {[%clk 00:32:43]} {[%emt 00:00:23]} Qxc6 {[%clk 01:05:41]} {[%emt
00:00:08]} 21. Qc3 {[%clk 00:32:52]} {[%emt 00:00:21]} Qxc3 {[%clk 01:04:47]}
{[%emt 00:01:24]} 22. bxc3 {[%clk 00:33:11]} {[%emt 00:00:12]} Kf8 {[%clk
01:02:53]} {[%emt 00:02:23]} 23. Kf1 {[%clk 00:30:40]} {[%emt 00:03:00]} Ke8
{[%clk 01:03:10]} {[%emt 00:00:13]} 1/2-1/2